000 00543nam a2200217Ia 4500
003 OSt
005 20220928145330.0
006 a|||||r|||| 00| 0
007 ta
008 220927b |||||||| |||| 00| 0 eng d
024 _a80232
037 _cTextual
040 _aSDCL
_cSDCL
_beng
041 _2eng
_aeng
082 _aX:89F, L3
100 _aBedford Norton M
_9512632
245 0 _aExtensions in accounting disclosure.
260 _c1973
942 _hX:89F, L3
_cTEXL
_2CC
999 _c833275
_d833275